| 000 | 00688nam a22002297a 4500 | ||
|---|---|---|---|
| 005 | 20170124110045.0 | ||
| 010 | _aA-387070 | ||
| 020 |
_c00.00 _a8170330866 |
||
| 035 | _aA-387070 | ||
| 037 | _bCen Lib/Ret | ||
| 040 |
_aDPL _bEN |
||
| 082 |
_a796.0194 _bSIN |
||
| 100 |
_aSingh, M.K. _924389 |
||
| 245 |
_aIndian women and sports / _cby M.K. Singh |
||
| 260 |
_aJaipur _bRawat Publications _c1990 |
||
| 270 |
_a3-Na-20, Jawahar Nagar _bJaipur _e302004 |
||
| 300 |
_axvi,216p. : _c22cm(Hb) _bill. |
||
| 500 | _aIncludes bibliographical references and index. | ||
| 650 |
_aSports _981102 |
||
| 650 |
_awomen in sports _981103 |
||
| 942 |
_2ddc _cEN _h796.0194 _mSIN |
||
| 999 |
_c128769 _d128769 |
||